Stati per esportazioni di Energia elettrica - Statistics

Statistiche generali
  • Questo quiz è stato fatto 5 volte
  • Il punteggio medio è 6 su 10
Statistiche sulle risposte
Esportazioni (TWh) Continente Nazione % Corretto
69 Europa Francia
100%
70 Europa Germania
100%
48 America del Nord Canada
80%
23 Europa Belgio
60%
26 Europa Norvegia
60%
28 America del Sud Paraguay
60%
34 Europa Svezia
60%
29 Europa Svizzera
60%
26 Europa Repubblica Ceca
40%
33 Asia Laos
20%
Nessun quiz corrispondente trovato
Distribuzione punteggi
Percentuale di utenti per punteggio
Percentile per numero di risposta
I tuoi punteggi nel tempo
Non hai fatto questo quiz